000 00474nam a2200157Ia 4500
008 220216s9999 xx 000 0 und d
100 _aRanganathan K
245 0 _aClean development mechanism: An opportunity to mitigate carbon footprint from the energy sector of India
260 _bCurrent Science
_c2015
300 _a672-679
650 _aCarbon footprint
650 _aClean development mechanism
650 _aKyoto protocol
700 _aGoyal M K
942 _cJS
999 _c55621
_d55621